| 000 | 00581nam a22001937a 4500 | ||
|---|---|---|---|
| 999 |
_c172784 _d172784 |
||
| 005 | 20200213111637.0 | ||
| 010 | _aENG-127719 | ||
| 020 |
_c250.00 _a9789386725561 |
||
| 035 | _aEN-111251 | ||
| 037 | _bDBAD/PUB | ||
| 082 | _a372.41 | ||
| 100 | _aDinakar,P | ||
| 245 |
_aReading and Reflecting on texts/ _cby P.Dinakar |
||
| 260 |
_aNew Delhi _c2018 _bNeelkamal |
||
| 270 |
_a4764/1,23, Ansari Road,Daryaganj _e110002 _bNew Delhi |
||
| 300 |
_a200p. _b24cm(pbk) |
||
| 500 | _aincludes bibliographical references and index | ||
| 942 |
_2ddc _cEN _h372.41 _mDIN |
||